[Event "Wroclaw op"]
[Site "Wroclaw"]
[Date "2019.08.07"]
[Round "4"]
[White "Lugovskoy, Maxim"]
[Black "Kareva, Natalia"]
[Result "0-1"]
[WhiteElo "2418"]
[BlackElo "2135"]
[PlyCount "150"]
[EventDate "2019.08.05"]
[EventType "swiss"]
[EventRounds "9"]
[EventCountry "POL"]
[SourceTitle "CBM 191 Extra"]
[Source "ChessBase"]
[SourceDate "2019.09.30"]
[SourceVersion "1"]
[SourceVersionDate "2019.09.30"]
[SourceQuality "1"]

1. e4 c5 2. Nf3 d6 3. Bb5+ Bd7 4. Bxd7+ Qxd7 5. 0-0 Nc6 6. c3 Nf6 7. d4 cxd4 8. cxd4 g6 9. Nc3 Bg7 10. Bg5 0-0 11. h3 Rfd8 12. Qe2 h6 13. Bh4 g5 14. Bg3 d5 15. exd5 Nxd5 16. Rad1 a6 17. Rfe1 Qf5 18. Ne4 b6 19. a3 Ra7 20. h4 Nf4 21. Qe3 Nd5 22. Qc1 g4 23. Ne5 Nxe5 24. Bxe5 f6 25. Ng3 Qc8 26. Bf4 Qxc1 27. Bxc1 Kf7 28. Bd2 Rc8 29. Re2 Rc2 30. h5 e6 31. Ne4 Rd7 32. Nc3 f5 33. Rc1 Rxc1+ 34. Bxc1 Nf6 35. Rc2 Rxd4 36. Be3 Rd6 37. g3 Nxh5 38. Na4 b5 39. Nb6 f4 40. gxf4 Nxf4 41. f3 gxf3 42. Rc7+ Kg6 43. Kf2 Nd5 44. Nxd5 exd5 45. Bf4 Bd4+ 46. Kxf3 Rf6 47. Kg3 Bxb2 48. Rd7 d4 49. Be5 Re6 50. Kf4 Bxa3 51. Rg7+ Kh5 52. Kf5 Rc6 53. Rg2 Be7 54. Rh2+ Bh4 55. Bg3 Rf6+ 56. Ke4 Kg4 57. Bxh4 Rf4+ 58. Kd3 Rf3+ 59. Kxd4 Rh3 60. Rxh3 Kxh3 61. Be1 Kg4 62. Ke3 h5 63. Bc3 Kg3 64. Be1+ Kg4 65. Ke4 h4 66. Ke3 h3 67. Kf2 Kf4 68. Ba5 Ke4 69. Kg3 Kd3 70. Kxh3 Kc4 71. Kg3 b4 72. Bd8 Kd3 73. Kf2 b3 74. Bf6 Kc2 75. Ke3 a5 0-1

[Event "Wroclaw op"]
[Site "Wroclaw"]
[Date "2019.08.05"]
[Round "1"]
[White "Kareva, Natalia"]
[Black "Kosior, Jan1111"]
[Result "1-0"]
[WhiteElo "2135"]
[BlackElo "1442"]
[PlyCount "51"]
[EventDate "2019.08.05"]
[EventType "swiss"]
[EventRounds "9"]
[EventCountry "POL"]
[SourceTitle "CBM 191 Extra"]
[Source "ChessBase"]
[SourceDate "2019.09.30"]
[SourceVersion "1"]
[SourceVersionDate "2019.09.30"]
[SourceQuality "1"]

1. d4 Nf6 2. c4 d5 3. cxd5 Nxd5 4. e4 Nf6 5. Nc3 e6 6. Be3 Bb4 7. Qa4+ Nc6 8. Bb5 Bxc3+ 9. bxc3 Bd7 10. Qc2 a6 11. Be2 Ne7 12. Nf3 Ng6 13. h3 Bc6 14. Nd2 Qd7 15. c4 b6 16. 0-0 0-0 17. f4 Rfe8 18. e5 Nh4 19. exf6 Bxg2 20. Rf2 Bxh3 21. Rh2 Bf5 22. Bd3 Ng6 23. fxg7 c5 24. Nf3 cxd4 25. Bxd4 Nxf4 26. Rxh7 1-0

[Event "Zalakaros op 37th"]
[Site "Zalakaros"]
[Date "2018.06.02"]
[Round "9"]
[White "Kareva, Natalia"]
[Black "Borsos, Bogdan"]
[Result "1-0"]
[WhiteElo "2206"]
[BlackElo "2277"]
[PlyCount "89"]
[EventDate "2018.05.25"]
[EventType "swiss"]
[EventRounds "9"]
[EventCountry "HUN"]
[SourceTitle "CBM 184 Extra"]
[Source "ChessBase"]
[SourceDate "2018.06.28"]
[SourceVersion "1"]
[SourceVersionDate "2018.06.28"]
[SourceQuality "1"]

1. d4 d5 2. Nc3 Nf6 3. Bg5 Nbd7 4. Qd2 c6 5. Nf3 b5 6. a3 a5 7. e3 Bb7 8. Bd3 b4 9. Na4 e6 10. c4 Be7 11. Bxf6 gxf6 12. c5 bxa3 13. bxa3 Ba6 14. Bxa6 Rxa6 15. 0-0 f5 16. Rfb1 Qc7 17. Rb3 0-0 18. Rab1 Rb8 19. Rxb8+ Nxb8 20. Ne5 f6 21. Qb2 fxe5 22. Qxb8+ Qxb8 23. Rxb8+ Kf7 24. dxe5 Ra7 25. Rb3 Rd7 26. Kf1 f4 27. exf4 d4 28. Ke2 Rd5 29. Kd3 Bxc5 30. Nxc5 Rxc5 31. Kxd4 Rc2 32. Ke3 a4 33. Rb7+ Ke8 34. Rxh7 c5 35. Ra7 Rc3+ 36. Ke4 Rxa3 37. h4 Ra1 38. h5 Kf8 39. h6 Kg8 40. f5 a3 41. fxe6 a2 42. Kf5 Rh1 43. Rxa2 Rxh6 44. Ra8+ Kg7 45. e7 1-0

[Event "Prague op 16th"]
[Site "Prague"]
[Date "2017.01.14"]
[Round "2"]
[White "Kareva, Natalia"]
[Black "Lovkov, Roman"]
[Result "0-1"]
[WhiteElo "2172"]
[BlackElo "2433"]
[PlyCount "114"]
[EventDate "2017.01.13"]
[EventType "swiss"]
[EventRounds "9"]
[EventCountry "CZE"]
[SourceTitle "CBM 176 Extra"]
[Source "ChessBase"]
[SourceDate "2017.03.02"]
[SourceVersion "1"]
[SourceVersionDate "2017.03.02"]
[SourceQuality "1"]

1. d4 Nf6 2. c4 e6 3. Nc3 Bb4 4. e3 c5 5. Nge2 b6 6. a3 Ba5 7. Bd2 0-0 8. Rb1 Na6 9. Nf4 Bb7 10. f3 Re8 11. Be2 d5 12. cxd5 cxd4 13. exd4 Bxc3 14. bxc3 exd5 15. 0-0 Nb8 16. Re1 Nc6 17. Bb5 Rxe1+ 18. Qxe1 Na5 19. Nd3 a6 20. Ba4 Qd6 21. Qc1 Nc4 22. Bf4 Qe7 23. Bd1 Bc8 24. Kf2 Bf5 25. Be2 b5 26. Ra1 Nd7 27. a4 bxa4 28. Rxa4 a5 29. Nb4 Ncb6 30. Rxa5 Rxa5 31. Nc6 Qa3 32. Qxa3 Rxa3 33. Ne7+ Kh8 34. Nxf5 Rxc3 35. h4 Nf8 36. Bb5 Ne6 37. Bd6 Nc4 38. Be7 Rc2+ 39. Kg3 Rd2 40. Be8 Kg8 41. Bc5 Nxc5 42. dxc5 Kf8 43. Bb5 g6 44. c6 gxf5 45. Bxc4 Ke7 46. Bb5 Kd6 47. Kf4 Rxg2 48. h5 h6 49. Kxf5 Rg5+ 50. Kf6 Rxh5 51. f4 Rh4 52. f5 Rf4 53. c7 Kxc7 54. Be8 d4 55. Bxf7 d3 56. Bh5 d2 57. Kg6 Kd6 0-1

[Event "Moscow op-B (Women)"]
[Site "Moscow"]
[Date "2016.02.05"]
[Round "7"]
[White "Antonova, Nadezhda"]
[Black "Kareva, Natalia"]
[Result "0-1"]
[WhiteElo "1966"]
[BlackElo "2134"]
[PlyCount "66"]
[EventDate "2016.01.30"]
[EventType "swiss"]
[EventRounds "9"]
[EventCountry "RUS"]
[SourceTitle "CBM 170 Extra"]
[Source "ChessBase"]
[SourceDate "2016.02.25"]
[SourceVersion "1"]
[SourceVersionDate "2016.02.25"]
[SourceQuality "1"]

1. d4 Nf6 2. Nf3 d5 3. e3 g6 4. Nbd2 Bg7 5. b4 a5 6. b5 c5 7. bxc6 bxc6 8. Bb2 c5 9. c4 a4 10. dxc5 Nbd7 11. cxd5 Nxc5 12. Bb5+ Kf8 13. e4 Qa5 14. Be2 Nfxe4 15. Bxg7+ Kxg7 16. 0-0 Rd8 17. Nc4 Qc3 18. Rc1 Qf6 19. Nb6 Qxb6 20. Qd4+ Qf6 21. Qe3 Rxd5 22. Rc4 Bf5 23. Rfc1 Rad8 24. h3 Nd3 25. R1c2 Nexf2 26. Rxa4 Ne5 27. Rc7 Nxf3+ 28. Bxf3 Rd2 29. Raa7 Nxh3+ 30. Kh2 Qh4 31. Qe5+ Kg8 32. Qg3 Qh6 33. Rxe7 Nf2+ 0-1

[Event "Moscow op-B (Women)"]
[Site "Moscow"]
[Date "2016.02.02"]
[Round "4"]
[White "Kareva, Natalia"]
[Black "Kuznetsova, Darya"]
[Result "1-0"]
[WhiteElo "2134"]
[BlackElo "1941"]
[PlyCount "127"]
[EventDate "2016.01.30"]
[EventType "swiss"]
[EventRounds "9"]
[EventCountry "RUS"]
[SourceTitle "CBM 170 Extra"]
[Source "ChessBase"]
[SourceDate "2016.02.25"]
[SourceVersion "1"]
[SourceVersionDate "2016.02.25"]
[SourceQuality "1"]

1. d4 e6 2. g3 c5 3. c3 Nf6 4. Bg2 Be7 5. Nf3 0-0 6. 0-0 d5 7. Re1 b6 8. b3 Bb7 9. Bb2 Nc6 10. Nbd2 cxd4 11. cxd4 Rc8 12. Rc1 b5 13. Ne5 Qb6 14. Ndf3 Nxe5 15. Nxe5 Rxc1 16. Qxc1 Rc8 17. Qb1 b4 18. Rc1 Rc7 19. Rxc7 Qxc7 20. Qc1 Qxc1+ 21. Bxc1 Ne4 22. Bxe4 dxe4 23. Kf1 f6 24. Nc4 Bd5 25. Ke1 Kf7 26. Bf4 Ke8 27. h4 Kd7 28. Nd2 Kc6 29. f3 exf3 30. e4 Bxe4 31. Nxe4 Kd5 32. Nf2 Kxd4 33. Kd2 a6 34. Bc7 Bc5 35. Nd3 e5 36. Nxc5 Kxc5 37. Ke3 e4 38. g4 Kd5 39. Bd8 Kd6 40. h5 Ke5 41. Ba5 g6 42. Bxb4 f5 43. Bc3+ Kd5 44. gxf5 gxf5 45. Be1 Ke5 46. Bg3+ Kd5 47. Bb8 Ke6 48. Ba7 Ke5 49. Bb8+ Ke6 50. b4 Kd5 51. a4 Kc4 52. Bd6 Kd5 53. Bg3 Kc4 54. Be1 Kd5 55. Kf4 Kc4 56. Bf2 Kd3 57. b5 axb5 58. axb5 Ke2 59. b6 Kxf2 60. b7 e3 61. b8Q e2 62. Qb2 h6 63. Qd2 Kg2 64. Qe1 1-0

[Event "Pardubice op rap 26th"]
[Site "Pardubice"]
[Date "2015.07.23"]
[Round "8"]
[White "Kareva, Natalia"]
[Black "Berezovics, Alexander"]
[Result "1-0"]
[WhiteElo "2137"]
[BlackElo "2226"]
[PlyCount "118"]
[EventDate "2015.07.22"]
[EventType "swiss (rapid)"]
[EventRounds "9"]
[EventCountry "CZE"]
[SourceTitle "CBM 167 Extra"]
[Source "ChessBase"]
[SourceDate "2015.09.14"]
[SourceVersion "1"]
[SourceVersionDate "2015.09.14"]
[SourceQuality "1"]

1. d4 d6 2. e4 g6 3. Bd3 Bg7 4. c3 Nf6 5. h3 0-0 6. Ne2 e5 7. 0-0 Nc6 8. a3 d5 9. exd5 Nxd5 10. c4 Nb6 11. d5 Na5 12. Qc2 e4 13. Bxe4 Naxc4 14. Rd1 Re8 15. Nbc3 Bd7 16. Bf4 Nxb2 17. Rdc1 N2c4 18. Bd3 Nd6 19. Rab1 Qf6 20. Bd2 Rac8 21. Ng3 Qe7 22. Re1 Qf8 23. Rxe8 Qxe8 24. Qb3 f5 25. Nge2 Qf7 26. Nf4 Re8 27. Re1 Be5 28. a4 Qf6 29. a5 Nbc8 30. Nb5 Nf7 31. Na3 Ncd6 32. Nc4 Nxc4 33. Bxc4 Nd6 34. Bd3 Qf7 35. Bc4 a6 36. Rb1 g5 37. Nd3 Bf6 38. Nc5 Bb5 39. Bxb5 axb5 40. Ne6 h6 41. Bb4 Nc4 42. Qc2 Be5 43. Re1 Qf6 44. Nc5 Nd6 45. Nd7 Qg7 46. Nxe5 Rxe5 47. Rxe5 Qxe5 48. Qxc7 Qa1+ 49. Kh2 Qe5+ 50. g3 Qe2 51. Bc5 Nf7 52. Qc8+ Kh7 53. Qxf5+ Kg7 54. Bd4+ Kf8 55. Qc8+ Ke7 56. Qxb7+ Kf8 57. Qc8+ Ke7 58. Qc7+ Kf8 59. d6 Qe6 1-0

[Event "Pardubice op rap 25th"]
[Site "Pardubice"]
[Date "2014.07.17"]
[Round "5"]
[White "Kareva, Natalia"]
[Black "Kopriva, Martin"]
[Result "1-0"]
[WhiteElo "2129"]
[BlackElo "1871"]
[PlyCount "41"]
[EventDate "2014.07.16"]
[EventType "swiss (rapid)"]
[EventRounds "9"]
[EventCountry "CZE"]
[SourceTitle "EXT 2015"]
[Source "ChessBase"]
[SourceDate "2014.11.20"]
[SourceVersion "1"]
[SourceVersionDate "2014.11.20"]
[SourceQuality "1"]

1. d4 Nf6 2. Bg5 Ne4 3. Bf4 g5 4. Bc1 h6 5. f3 Nf6 6. e4 d6 7. Be3 Bg7 8. Qd2 Nc6 9. Nc3 e5 10. Bb5 Nd7 11. d5 Ne7 12. h4 gxh4 13. Rxh4 Nxd5 14. Bf2 Nf4 15. Rh2 a6 16. Ba4 Ng6 17. Be3 b5 18. Bb3 h5 19. Qd5 Qe7 20. Qxa8 Nb6 21. Bxb6 1-0

[Event "Pardubice op rap 25th"]
[Site "Pardubice"]
[Date "2014.07.17"]
[Round "8"]
[White "Vachtfeidl, Petr"]
[Black "Kareva, Natalia"]
[Result "0-1"]
[WhiteElo "1996"]
[BlackElo "2129"]
[PlyCount "66"]
[EventDate "2014.07.16"]
[EventType "swiss (rapid)"]
[EventRounds "9"]
[EventCountry "CZE"]
[SourceTitle "EXT 2015"]
[Source "ChessBase"]
[SourceDate "2014.11.20"]
[SourceVersion "1"]
[SourceVersionDate "2014.11.20"]
[SourceQuality "1"]

1. e4 c6 2. d4 d5 3. exd5 cxd5 4. c3 Nc6 5. Nf3 Bg4 6. Qb3 Qd7 7. Ne5 Nxe5 8. dxe5 a6 9. Na3 e6 10. Nb5 Rc8 11. Be3 h5 12. Nd4 Bc5 13. h3 Bxd4 14. Bxd4 Bf5 15. Be2 Ne7 16. f4 Be4 17. Kf2 h4 18. Bf3 Bxf3 19. Kxf3 Nf5 20. Rac1 Rc4 21. Bf2 Qc6 22. Qb6 Qc8 23. Rhd1 Rg8 24. Be3 g5 25. fxg5 Nxe3 26. Qxe3 Re4 27. Qd2 Rxe5 28. Re1 Rexg5 29. Rcd1 Rg3+ 30. Kf4 Qd8 31. Qxd5 Qf6+ 32. Ke4 exd5+ 33. Kxd5+ Kf8 0-1

[Event "Moscow op-B"]
[Site "Moscow"]
[Date "2014.02.02"]
[Round "2"]
[White "Girya, Olga"]
[Black "Kareva, Natalia"]
[Result "1-0"]
[WhiteElo "2438"]
[BlackElo "2119"]
[PlyCount "85"]
[EventDate "2014.02.01"]
[EventType "swiss"]
[EventRounds "9"]
[EventCountry "RUS"]
[SourceTitle "CBM 158 Extra"]
[Source "ChessBase"]
[SourceDate "2014.02.28"]
[SourceVersion "1"]
[SourceVersionDate "2014.02.28"]
[SourceQuality "1"]

1. d4 e6 2. c4 b6 3. a3 Bb7 4. d5 f5 5. g3 a5 6. Bg2 Na6 7. Nf3 Be7 8. 0-0 Bf6 9. Nd4 Nc5 10. Nb5 exd5 11. cxd5 d6 12. N1c3 Ne7 13. Rb1 a4 14. Be3 Qd7 15. Bd4 0-0 16. f4 Ba6 17. Bxf6 Rxf6 18. Nd4 Re8 19. Re1 Ng6 20. Qc2 Nf8 21. Rbd1 Re3 22. Qd2 Re8 23. e4 fxe4 24. Nxe4 Rf7 25. Nc6 h6 26. Nxc5 Rxe1+ 27. Rxe1 bxc5 28. Qa5 Bd3 29. Qxa4 Qg4 30. Qd1 Qxd1 31. Rxd1 Bb5 32. Re1 g5 33. fxg5 hxg5 34. Re4 Nh7 35. a4 Bd3 36. Re3 Ba6 37. Re8+ Kg7 38. Nd8 Nf6 39. Nxf7 Nxe8 40. Nxg5 Kf6 41. h4 Ke5 42. Ne4 Ng7 43. Nc3 1-0

[Event "Marianske Lazne op 13th"]
[Site "Marianske Lazne"]
[Date "2014.01.22"]
[Round "6"]
[White "Kareva, Natalia"]
[Black "Grove, Michael"]
[Result "0-1"]
[WhiteElo "2108"]
[BlackElo "2126"]
[PlyCount "40"]
[EventDate "2014.01.18"]
[EventType "swiss"]
[EventRounds "9"]
[EventCountry "CZE"]
[SourceTitle "CBM 158 Extra"]
[Source "ChessBase"]
[SourceDate "2014.02.28"]
[SourceVersion "1"]
[SourceVersionDate "2014.02.28"]
[SourceQuality "1"]

1. e4 e5 2. d4 exd4 3. Qxd4 Nf6 4. Nc3 Nc6 5. Qe3 Bb4 6. Bd2 0-0 7. 0-0-0 Re8 8. Qg3 Rxe4 9. a3 Rg4 10. Qe3 Ba5 11. f4 d5 12. Qe1 d4 13. g3 Bxc3 14. Bxc3 Qd5 15. Qe2 Qxh1 16. Nf3 dxc3 17. bxc3 Rxg3 18. hxg3 Bg4 19. Bg2 Qh5 20. Qd3 Qc5 0-1

[Event "Prague op-A 13th"]
[Site "Prague"]
[Date "2014.01.11"]
[Round "2"]
[White "Kareva, Natalia"]
[Black "Sergienko, Sergey"]
[Result "1/2-1/2"]
[WhiteElo "2108"]
[BlackElo "2383"]
[PlyCount "46"]
[EventDate "2014.01.10"]
[EventType "swiss"]
[EventRounds "9"]
[EventCountry "CZE"]
[SourceTitle "CBM 158 Extra"]
[Source "ChessBase"]
[SourceDate "2014.02.28"]
[SourceVersion "1"]
[SourceVersionDate "2014.02.28"]
[SourceQuality "1"]

1. e4 d6 2. d4 Nf6 3. Bd3 e5 4. c3 d5 5. dxe5 Nxe4 6. Nf3 Nc5 7. Bc2 Bg4 8. 0-0 Nc6 9. Re1 Be7 10. b4 Ne4 11. Bf4 0-0 12. Bb3 Be6 13. a3 a5 14. Ra2 a4 15. Bxa4 d4 16. Bb3 Nxc3 17. Nxc3 dxc3 18. Qc2 Nd4 19. Nxd4 Qxd4 20. Be3 Qxe5 21. Bd2 Qh5 22. Qxc3 Bd6 23. h3 Bxb3 1/2-1/2

[Event "Pardubice Czech op-A 24th"]
[Site "Pardubice"]
[Date "2013.07.21"]
[Round "3"]
[White "Kareva, Natalia"]
[Black "Vastrukhin, Oleg"]
[Result "0-1"]
[WhiteElo "2109"]
[BlackElo "2360"]
[PlyCount "86"]
[EventDate "2013.07.19"]
[EventType "swiss"]
[EventRounds "9"]
[EventCountry "CZE"]
[SourceTitle "CBM 155 Extra"]
[Source "ChessBase"]
[SourceDate "2013.08.26"]
[SourceVersion "1"]
[SourceVersionDate "2013.08.26"]
[SourceQuality "1"]

1. e4 e6 2. d4 d5 3. Nd2 Nf6 4. Bd3 c5 5. e5 Nfd7 6. c3 Nc6 7. Ne2 Qb6 8. Nf3 cxd4 9. cxd4 f6 10. exf6 Nxf6 11. 0-0 Bd6 12. a3 0-0 13. b4 e5 14. dxe5 Nxe5 15. Ned4 Bg4 16. Be2 Rae8 17. Be3 Qd8 18. h3 Bh5 19. Re1 Nc4 20. Bg5 Bb8 21. Bh4 Nd6 22. Ng5 Bxe2 23. Rxe2 Nde4 24. Nxe4 dxe4 25. Qb3+ Kh8 26. Rd1 Qb6 27. Nf5 Nh5 28. Ne3 h6 29. Rc2 g5 30. Nc4 Qf6 31. Bg3 Nxg3 32. fxg3 a6 33. Qe3 b5 34. Na5 Qe5 35. Kh2 Qg7 36. Nc6 Bc7 37. Rcd2 Rf7 38. Rd5 Qf6 39. Nd8 Rxd8 40. Rxd8+ Bxd8 41. Qxe4 Bc7 42. Rd3 Kg7 43. Rf3 Qe5 0-1